| 000 | 00448cam a2200157 4500 | ||
|---|---|---|---|
| 008 | 080508n 000 0 eng u | ||
| 020 | _a290318819X | ||
| 035 | _a(Sirsi) a153197 | ||
| 050 | _aCT104.A65 WHO 2004 | ||
| 245 | _aWho`s who in the Atan world, 2003-2004 / | ||
| 250 | _a16th ed. | ||
| 260 |
_aLebanon : _bPublitec, _c2004. |
||
| 300 |
_a1100p. : _bill. |
||
| 504 | _aIncludes bibliographical references and index. | ||
| 650 | _aBiography | ||
| 999 |
_c4643 _d4643 |
||